000
00209nam a2200097Ia 4500
008
240331s9999 xx 000 0 und d
082
_b
RAJ
100
_a
Raju,R
245
0
_a
Prathaba chandra vilasam
942
_c
L
999
_c
4617
_d
4617